000 01463nam0a2200337 4500
001 RU\NLR\bibl\321384
005 20260406065406.0
021 _aRU
_b2002-20047
_91009
035 _a(NLR Aleph) 000316425
090 _a69750
_c69750
100 _a20021017d2001 |||y0rusy50 ca
101 0 _arus
_deng
102 _aRU
105 _aa |||||||||
200 1 _aО предобуславливании стабилизированных конечно-элементных схем высокого порядка
_fВ.Т. Жуков, О.Б. Феодоритова
210 _aМ.
_cБ.и.
_d2001
215 _a19 с.
_cил.
_d21
225 1 _aПрепринт
_fИн-т прикл. математики им. М.В. Келдыша Рос. акад. наук
_vN 92
300 _aРез. на англ. яз.
320 _aБиблиогр.: с. 19 (5 назв.)
606 0 _aМетод конечных элементов
_91010807
_3RU\NLR\auth\6667115
606 0 _aКонечных элементов метод
_92086472
_3RU\NLR\auth\661262612
686 _aВ192.13
700 1 _4070
_8rus
_7ca
_aЖуков
_bВ.Т.
_cканд. физ.-мат. наук
_f1951-
_gВиктор Тимофеевич
_3RU\NLR\AUTH\7714940
_9124602
701 1 _aФеодоритова
_bО. Б.
_gОльга Борисовна
_4070
801 0 _aRU
_bNLR
_c20021017
_gPSBO
801 1 _aRU
_bNLR
_c20021017
942 _cBOOK
980 _aNB